000 00610nam a2200253Ia 4500
008 210210b2010 xxu||||| |||| 00| 0 eng d
020 _a97802940411276
041 _aeng
082 _a791.43 EDGL
100 _aEDGAR-HUNT (Robert)
245 _aLanguage of film: basics film making
260 _aSwetzerland
_b-
_c2010
300 _a192
650 _aofSemiotics
650 _aNarrative:Intertextuality
650 _amaking
650 _aLanguage
650 _afilm:
650 _afilm
650 _abasics
690 _aCinema
700 _aMARLAND (John):RAWLE (Steven)
906 _a066165
999 _c146557
_d146557